=LDR 00000nam 2200000 4500 =001 000139 =020 $9786232252905 =082 $633.800 =100 $$a Engkos Kosasih =245 $$a Panen jahe merah produksi 3x lipat /$c Engkos Kosasih =250 $Cetakan I =264 $Jakarta: Penebar Swadaya 2021 =300 $iv, 76 halaman; 21 cm. =650 $Tanaman Obat =905 $633.8 ENG p =336 $$a =337 $$a =338 $$a =005 20260702151432.0 =008 260702s2026\\\\\\\\\\\\\\\\\\\\\\\\\\\\\\\\\\\\\\\\\